000 00415pab a2200157 454500
008 180718b2007 xxu||||| |||| 00| 0 eng d
100 _aPropper, Carol et al.
245 _aThe impact of neighbourhood on the income and mental health of British social renters
260 _c2007
300 _ap.393-415.
362 _aFeb
650 _aMental health
773 _aUrban Studies
908 _aN
909 _a75059
999 _c75059
_d75059